Every Formula One Podium Sitter - Statistics

General Stats
  • This quiz has been taken 15 times
  • The average score is 77 of 219
Answer Stats
Hint Answer % Correct
202 United Kingdom 2007 - now Lewis Hamilton
100%
106 France 1980 - 1993 Alain Prost
78%
106 Spain 2001 - now Fernando Alonso
78%
103 Finland 2001 - 2021 Kimi Räikkönen
78%
127 Netherlands 2015 - now Max Verstappen
78%
155 Germany 1991 - 2012 Michael Schumacher
78%
122 Germany 2007 - 2022 Sebastian Vettel
78%
67 Finland 2013 - 2024 Valtteri Bottas
78%
80 Brazil 1984 - 1994 Ayrton Senna
67%
29 Spain 2015 - now Carlos Sainz
67%
50 Monaco 2018 - now Charles Leclerc
67%
44 United Kingdom 2019 - now Lando Norris
67%
26 Australia 2023 - now Oscar Piastri
67%
42 United Kingdom 1992 - 1999 Damon Hill
56%
62 United Kingdom 1994 - 2008 David Coulthard
56%
41 Brazil 2002 - 2017 Felipe Massa
56%
24 United Kingdom 2019 - now George Russell
56%
48 Austria 1984 - 1997 Gerhard Berger
56%
13 Canada 1977 - 1982 Gilles Villeneuve
56%
20 Italy 1950 - 1955 Giuseppe Farina
56%
36 United Kingdom 1958 - 1975 Graham Hill
56%
43 United Kingdom 1965 - 1973 Jackie Stewart
56%
25 Belgium 1966 - 1979 Jacky Ickx
56%
23 Canada 1996 - 2006 Jacques Villeneuve
56%
11 Italy 1997 - 2011 Jarno Trulli
56%
32 France 1989 - 2001 Jean Alesi
56%
50 United Kingdom 2000 - 2017 Jenson Button
56%
32 United Kingdom 1960 - 1968 Jim Clark
56%
35 Argentina 1950 - 1958 Juan Manuel Fangio
56%
23 Italy 1981 - 1994 Michele Alboreto
56%
51 Finland 1991 - 2001 Mika Häkkinen
56%
60 Brazil 1978 - 1991 Nelson Piquet
56%
57 Germany 2006 - 2016 Nico Rosberg
56%
59 United Kingdom 1980 - 1995 Nigel Mansell
56%
54 Austria 1971 - 1985 Niki Lauda
56%
37 Italy 1977 - 1993 Riccardo Patrese
56%
12 Poland 2006 - 2021 Robert Kubica
56%
68 Brazil 1993 - 2011 Rubens Barrichello
56%
15 Belgium 1983 - 1993 Thierry Boutsen
56%
24 Australia 1975 - 1986 Alan Jones
44%
17 Italy 1950 - 1955 Alberto Ascari
44%
9 Italy 1986 - 1990 Alessandro Nannini
44%
27 New Zealand 1958 - 1970 Bruce McLaren
44%
45 Argentina 1972 - 1982 Carlos Reutemann
44%
11 New Zealand 1963 - 1976 Chris Amon
44%
28 Switzerland 1970 - 1980 Clay Regazzoni
44%
19 United States 1959 - 1970 Dan Gurney
44%
32 Australia 2011 - 2024 Daniel Ricciardo
44%
33 New Zealand 1965 - 1974 Denny Hulme
44%
13 France 1978 - 1982 Didier Pironi
44%
9 United States 1978 - 1989 Eddie Cheever
44%
26 United Kingdom 1993 - 2002 Eddie Irvine
44%
9 Italy 1979 - 1986 Elio de Angelis
44%
35 Brazil 1970 - 1980 Emerson Fittipaldi
44%
4 France 2016 - now Esteban Ocon
44%
13 France 1970 - 1973 Francois Cevert
44%
19 Italy 1996 - 2009 Giancarlo Fisichella
44%
18 Germany 1994 - 2003 Heinz-Harald Frentzen
44%
31 Australia 1955 - 1970 Jack Brabham
44%
32 France 1974 - 1986 Jacques Laffite
44%
23 United Kingdom 1973 - 1979 James Hunt
44%
13 Austria 1964 - 1970 Jochen Rindt
44%
33 South Africa 1972 - 1980 Jody Scheckter
44%
24 United Kingdom 1960 - 1972 John Surtees
44%
20 United Kingdom 1973 - 1985 John Watson
44%
15 Argentina 1950 - 1960 Jose-Froilan Gonzalez
44%
30 Colombia 2001 - 2006 Juan Pablo Montoya
44%
17 Finland 1978 - 1986 Keke Rosberg
44%
8 Italy 1961 - 1967 Lorenzo Bandini
44%
8 Italy 1950 - 1956 Luigi Villoresi
44%
19 United States 1968 - 1982 Mario Andretti
44%
42 Australia 2002 - 2013 Mark Webber
44%
10 France 1950 - 1964 Maurice Trintignant
44%
18 United Kingdom 1952 - 1958 Mike Hawthorn
44%
13 Germany 2000 - 2011 Nick Heidfeld
44%
19 France 1972 - 1980 Patrick Depailler
44%
11 France 1977 - 1986 Patrick Tambay
44%
9 United Kingdom 1952 - 1958 Peter Collins
44%
16 United States 1958 - 1964 Phil Hill
44%
5 France 2017 - now Pierre Gasly
44%
27 Germany 1997 - 2007 Ralf Schumacher
44%
22 France 1978 - 1989 René Arnoux
44%
14 United States 1960 - 1966 Richie Ginther
44%
10 France 2009 - 2020 Romain Grosjean
44%
26 Sweden 1970 - 1978 Ronnie Peterson
44%
39 Mexico 2011 - 2024 Sergio Perez
44%
12 Sweden 1983 - 1991 Stefan Johansson
44%
24 United Kingdom 1951 - 1961 Stirling Moss
44%
2 Thailand 2019 - now Alexander Albon
33%
3 Austria 1997 - 2007 Alexander Wurz
33%
1 Spain 1956 - 1957 Alfonso de Portago
33%
5 Italy 1980 - 1994 Andrea de Cesaris
33%
2 Italy 1955 - 1957 Cesare Perdisa
33%
3 Russia 2014 - 2020 Daniil Kvyat
33%
4 United Kingdom 1981 - 1993 Derek Warwick
33%
4 Sweden 1976 - 1977 Gunnar Nilsson
33%
4 Finland 2007 - 2013 Heikki Kovalainen
33%
2 United Kingdom 1967 - 1977 Jackie Oliver
33%
9 France 1952 - 1959 Jean Behra
33%
8 France 1967 - 1974 Jean-Pierre Beltoise
33%
3 France 1971 - 1983 Jean-Pierre Jarier
33%
3 United States 1951 - 1960 Jimmy Bryan
33%
8 Germany 1973 - 1982 Jochen Mass
33%
1 Rhodesia 1962 - 1972 John Love
33%
7 United Kingdom 1989 - 2000 Johnny Herbert
33%
6 Brazil 1972 - 1977 Jose Carlos Pace
33%
6 Switzerland 1962 - 1971 Jo Siffert
33%
2 Netherlands 1994 - 2003 Jos Verstappen
33%
3 Canada 2017 - now Lance Stroll
33%
1 Monaco 1950 - 1955 Louis Chiron
33%
6 Italy 1950 - 1951 Luigi Fagioli
33%
7 Italy 1953 - 1958 Luigi Musso
33%
9 United Kingdom 1984 - 1996 Martin Brundle
33%
2 Finland 1994 - 2002 Mika Salo
33%
2 United Kingdom 1966 - 1967 Mike Parkes
33%
1 Germany 2010 - now Nico Hülkenberg
33%
2 Belgium 1956 - 1961 Olivier Gendebien
33%
5 France 1994 - 2004 Olivier Panis
33%
7 Mexico 1963 - 1971 Pedro Rodriguez
33%
8 United States 1964 - 1974 Peter Revson
33%
5 Italy 1950 - 1956 Piero Taruffi
33%
2 France 1950 - 1956 Robert Manzon
33%
2 Switzerland 1950 - 1952 Rudi Fischer
33%
2 United Kingdom 1957 - 1958 Stuart Lewis-Evans
33%
2 Italy 1982 - 1987 Teo Fabi
33%
3 Germany 2004 - 2012 Timo Glock
33%
10 United Kingdom 1956 - 1961 Tony Brooks
33%
3 South Africa 1961 - 1965 Tony Maggs
33%
6 Germany 1957 - 1961 Wolfgang von Trips
33%
1 Japan 1988 - 1995 Aguri Suzuki
22%
2 United States 1951 - 1955 Bill Vukovich
22%
1 United Kingdom 1968 - 1974 Brian Redman
22%
1 Italy 1977 - 1983 Bruno Giacomelli
22%
1 Argentina 1953 - 1960 Carlos Menditeguy
22%
1 Italy 1950 Dorino Serafini
22%
1 France 1989 - 1994 Eric Bernard
22%
2 Italy 1950 - 1953 Felice Bonetto
22%
1 United States 1973 George Follmer
22%
1 Italy 1961 - 1967 Giancarlo Baghetti
22%
1 Italy 1990 - 1997 Gianni Morbidelli
22%
2 Germany 1974 - 1979 Hans-Joachim Stuck
22%
2 United States 1950 - 1960 Harry Schell
22%
1 France 1968 - 1976 Henri Pescarolo
22%
4 United Kingdom 1959 - 1966 Innes Ireland
22%
1 France 2025 - now Isack Hadjar
22%
3 Italy 1985 - 1993 Ivan Capelli
22%
2 United States 1950 - 1955 Jack McGrath
22%
2 France 1975 - 1981 Jean-Pierre Jabouille
22%
4 United States 1950 - 1960 Jim Rathmann
22%
1 Finland 1989 - 1994 JJ Lehto
22%
1 Sweden 1956 - 1971 Jo Bonnier
22%
1 France 1967 - 1970 Johnny Servoz-Gavin
22%
1 Japan 2009 - 2014 Kamui Kobayashi
22%
2 Germany 1954 - 1955 Karl Kling
22%
1 Denmark 2014 - 2024 Kevin Magnussen
22%
3 Italy 2025 - now Kimi Antonelli
22%
2 France 1950 - 1956 Louis Rosier
22%
1 Belgium 1960 - 1968 Lucien Bianchi
22%
1 Italy 1963 - 1968 Ludovico Scarfiotti
22%
3 United Kingdom 1991 - 1995 Mark Blundell
22%
1 United States 1971 - 1975 Mark Donohue
22%
3 United States 1957 - 1965 Masten Gregory
22%
1 Brazil 1988 - 1992 Mauricio Gugelmin
22%
1 United States 1993 Michael Andretti
22%
2 United Kingdom 1963 - 1974 Mike Hailwood
22%
1 Italy 1987 - 1997 Nicola Larini
22%
2 Argentina 1951 - 1954 Onofre Marimon
22%
1 Venezuela 2011 - 2015 Pastor Maldonado
22%
1 Belgium 1952 - 1956 Paul Frere
22%
1 Spain 1999 - 2012 Pedro de la Rosa
22%
2 United Kingdom 1964 - 1966 Peter Arundell
22%
1 United Kingdom 1970 - 1974 Peter Gethin
22%
1 France 1984 - 1988 Philippe Streiff
22%
2 United Kingdom 1966 - 1970 Piers Courage
22%
1 United Kingdom 1950 - 1954 Reg Parnell
22%
1 Sweden 1970 - 1974 Reine Wisell
22%
1 United Kingdom 1965 - 1969 Richard Attwood
22%
1 Brazil 1987 - 1995 Roberto Moreno
22%
2 United States 1951 - 1963 Rodger Ward
22%
1 Germany 1969 - 1978 Rolf Stommelen
22%
2 United Kingdom 1952 - 1962 Roy Salvadori
22%
4 United States 1950 - 1957 Sam Hanks
22%
2 Italy 1987 - 1992 Stefano Modena
22%
1 Japan 2002 - 2008 Takuma Sato
22%
1 Portugal 2005 - 2006 Tiago Monteiro
22%
1 Australia 1970 - 1974 Tim Schenken
22%
2 United Kingdom 1974 - 1977 Tom Pryce
22%
2 Italy 1953 - 1957 Umberto Maglioli
22%
1 Russia 2010 - 2012 Vitaly Petrov
22%
1 Italy 1974 - 1980 Vittorio Brambilla
22%
1 Belgium 1960 - 1963 Willy Mairesse
22%
1 United States 1952 - 1955 Art Cross
11%
1 United States 1950 - 1953 Bill Holland
11%
1 United Kingdom 1963 - 1967 Bob Anderson
11%
1 United States 1952 - 1956 Bob Sweikert
11%
1 United Kingdom 1958 - 1961 Cliff Allison
11%
1 United States 1953 - 1960 Don Freeland
11%
1 United States 1950 - 1960 Duane Carter
11%
3 Italy 1955 - 1957 Eugenio Castelotti
11%
1 United States 1957 - 1958 George Amick
11%
1 Germany 1953 - 1966 Hans Hermann
11%
1 United States 1950 - 1955 Jimmy Davies
11%
1 United States 1950 - 1958 Johnnie Parsons
11%
1 United States 1955 - 1960 Johnny Boyd
11%
1 United States 1953 - 1960 Johnny Thomson
11%
1 United States 1950 - 1951 Lee Wallard
11%
1 United States 1950 - 1955 Manuel Ayulo
11%
1 United States 1950 - 1951 Mauri Rose
11%
1 United States 1951 - 1954 Mike Nazaruk
11%
1 United Kingdom 1963 - 1968 Mike Spence
11%
1 Brazil 2008 - 2009 Nelson Piquet Jr
11%
1 United States 1950 - 1959 Pat Flaherty
11%
1 United States 1958 - 1960 Paul Goldsmith
11%
1 United States 1950 - 1959 Paul Russo
11%
1 United Kingdom 1950 - 1954 Peter Whitehead
11%
1 United Kingdom 1954 - 1960 Ron Flockhart
11%
1 United States 1950 - 1960 Tony Bettenhausen
11%
1 United Kingdom 1961 - 1966 Trevor Taylor
11%
1 United States 1950 - 1960 Troy Ruttman
11%
No matching quizzes found
Score Distribution
Percent of People with Each Score
Percentile by Number Answered
Your Score History
You have not taken this quiz